| 000 | 00630 a2200193 4500 | ||
|---|---|---|---|
| 003 | NUST | ||
| 005 | 20221213182009.0 | ||
| 010 | _a 82042732 | ||
| 020 | _a0670693596 | ||
| 040 | _cNust | ||
| 082 | 0 | 0 | _a303.483,RYB |
| 100 | 1 |
_aRybczynski, Witold. _9104800 |
|
| 245 | 1 | 0 |
_aTaming the tiger : _bthe struggle to control technology / _cWitold Rybczynski. |
| 260 |
_aNew York : _bViking Press, _c1983. |
||
| 300 |
_axi, 247 p. ; _c22 cm. |
||
| 505 | _aPart-1: The Shock of the Machine (Page-1), Part-2: The Environment of Technology (Page-129), Bibliography (Page-229). | ||
| 650 | 0 | _aTechnology. | |
| 942 |
_2ddc _cBK _k303.483,RYB |
||
| 999 |
_c184809 _d184809 |
||